Network analysis with applications (Include CD) / (Record no. 183725)

000 -LEADER
fixed length control field 01110 a2200217 4500
003 - CONTROL NUMBER IDENTIFIER
control field Nust
005 - DATE AND TIME OF LATEST TRANSACTION
control field 20221226101349.0
010 ## - LIBRARY OF CONGRESS CONTROL NUMBER
LC control number 2002066345
020 ## - INTERNATIONAL STANDARD BOOK NUMBER
International Standard Book Number 8129702649
040 ## - CATALOGING SOURCE
Transcribing agency Nust
082 00 - DEWEY DECIMAL CLASSIFICATION NUMBER
Classification number 621.3851,STA
100 1# - MAIN ENTRY--PERSONAL NAME
Personal name Stanley, William D.
9 (RLIN) 83355
245 10 - TITLE STATEMENT
Title Network analysis with applications (Include CD) /
Statement of responsibility, etc. William D. Stanley.
250 ## - EDITION STATEMENT
Edition statement 4th ed.
260 ## - PUBLICATION, DISTRIBUTION, ETC.
Place of publication, distribution, etc. Upper Saddle River, N.J. :
Name of publisher, distributor, etc. Prentice Hall,
Date of publication, distribution, etc. c2003.
300 ## - PHYSICAL DESCRIPTION
Extent x, 662 p. :
Other physical details ill. ;
Dimensions 25 cm. +
Accompanying material 1 CD-ROM (4 3/4 in.)
505 ## - FORMATTED CONTENTS NOTE
Formatted contents note Basic circuit laws (Page-1), Circuit analysis methods (Page-47), Capacitive and inductive transcients and equivallent circuits (Page-125), Initial,final and first order circuits (Page-203), Laplace transforms (Page-267), Circuit analysis with laplace transforms (Page-299), Transfer functions (Page-349), Sinusoidal steady-state analysis (Page 409), Frequency response analysis and bode plots (Page- 451), Wave form analysis (Page-523), Fouriour analysis (Page-571), Index(page 657).
650 #0 - SUBJECT ADDED ENTRY--TOPICAL TERM
Topical term or geographic name entry element Electric network analysis.
9 (RLIN) 10704
651 ## - SUBJECT ADDED ENTRY--GEOGRAPHIC NAME
Geographic name (Include CD)
9 (RLIN) 8953
942 ## - ADDED ENTRY ELEMENTS (KOHA)
Source of classification or shelving scheme
Koha item type Book
Holdings
Withdrawn status Lost status Source of classification or shelving scheme Damaged status Not for loan Permanent Location Current Location Shelving location Date acquired Full call number Barcode Date last seen Price effective from Koha item type Public note
          Military College of Signals (MCS) Military College of Signals (MCS) General Stacks 12/12/2016 621.3851,STA MCS30876 12/08/2016 12/12/2016 Book Almirah No.39, Shelf No.4
© 2023 Central Library, National University of Sciences and Technology. All Rights Reserved.